[Event "Dyfed Open"]
[Site "Fishguard"]
[Date "2019.02.23"]
[Round "2.1"]
[White "Bevan, Peter M"]
[Black "Williams, A. Howard"]
[Result "1/2-1/2"]
[WhiteElo "1907"]
[BlackElo "2268"]
[Annotator "kemen"]
[PlyCount "78"]
[EventDate "2019.??.??"]

{[%evp 0,78,26,28,47,20,14,15,52,34,17,14,17,22,22,38,37,28,20,31,33,39,46,20,
34,28,30,22,43,44,32,24,30,27,35,41,30,28,16,40,44,43,49,49,65,58,54,43,29,30,
38,40,21,44,27,26,34,-37,-41,-42,-6,-52,-40,-40,-49,-79,-71,-74,-88,-82,-5,0,0,
-3,0,2,9,9,3,0,0]} 1. Nf3 c5 2. c4 Nf6 3. Nc3 b6 4. g3 Bb7 5. Bg2 e6 6. O-O Be7
7. d4 cxd4 8. Nxd4 (8. Qxd4 {main}) 8... Bxg2 9. Kxg2 Qc8 (9... O-O) 10. b3 (
10. Qd3 {main}) 10... Qb7+ 11. Kg1 (11. f3 {main}) 11... a6 12. Bb2 O-O 13. Qd3
d6 14. Qf3 (14. Rfd1) (14. e4) 14... Qxf3 15. Nxf3 Nbd7 (15... Nc6 16. Rfd1
Rfd8 17. Rd2 Rab8 18. Nd4 Nxd4 19. Rxd4 Nd7 20. Ne4 b5 21. Nxd6 Nc5 22. Rad1
Bf6 23. R4d2 Bxb2 24. Rxb2 bxc4 {Vigier-Hacat, Canadian open, Edmonton 2000,0-1
}) (15... Rc8 16. Rfd1) 16. Rfd1 Rfc8 {5 draws from this position} 17. Nd4 g6 (
17... Rc7 18. f3 Rac8 19. Rac1 g6 20. e3 d5 21. cxd5 Nxd5 22. Nxd5 exd5 23.
Rxc7 Rxc7 24. Kf2 Bf6 25. Ke2 {Timoshenko-Miroshnichenko, ROM ch tm, Mamaia
2013,1/2-1/2}) 18. e4 Rab8 19. f3 $11 h5 (19... Rb7 20. Rd2 Bf8 21. Rad1 Rbc7
22. Kg2 Bh6 23. f4 Bf8 24. Nf3 e5 25. fxe5 Nxe5 26. Nxe5 dxe5 27. a4 Bc5 28.
Kf3 Kg7 {Pfeger-Wockenfuss, Bundesliga 1983,1/2-1/2}) 20. Rac1 Kf8 21. Kg2 g5
22. Rc2 b5 23. cxb5 axb5 24. b4 Ne5 25. Re2 g4 26. f4 (26. fxg4 hxg4 27. Ncxb5
Rc4 28. a3 Nf3 $11 {Komodo12}) 26... Nc4 27. Ba1 (27. Ncxb5 Nxb2 28. Rxb2 Nxe4
$11 {Komodo12}) 27... Na3 28. f5 (28. e5 dxe5 29. fxe5 Bxb4 30. exf6 Bxc3 31.
Bxc3 Rxc3 32. Re5 Kg8 33. Rxh5 Nc2 $11 {Komodo12}) 28... e5 29. Nb3 Rc7 30. Nd5
(30. Bb2 $11) 30... Nxd5 31. Rxd5 Nc2 32. f6 Bxf6 33. Rxd6 Ke7 34. Rd5 Nxb4 (
34... Nxa1 35. Nxa1 Rc4 36. Nb3 Rxb4 $17 {Komodo12}) 35. Rxe5+ Bxe5 36. Bxe5
Rbc8 37. Bxc7 Rxc7 38. Nd4 Ra7 39. Nxb5 Rxa2 1/2-1/2

[Event "Dyfed Open"]
[Site "Fishguard"]
[Date "2019.02.23"]
[Round "2.2"]
[White "Bourne, Johnathan D"]
[Black "Zeidler, Sven P."]
[Result "0-1"]
[WhiteElo "1907"]
[BlackElo "2149"]
[Annotator "kemen"]
[PlyCount "32"]
[EventDate "2019.??.??"]

{[%evp 0,32,19,28,32,-23,-33,-33,-13,-36,-46,-42,-48,-55,-55,-48,-39,-33,-56,
-56,-66,-44,-11,-11,-99,-56,-91,-128,-112,-332,-460,-729,-679,-677,-703]} 1. e4
Nc6 2. Bc4 Nf6 3. Nc3 e6 4. Qe2 (4. d3 {main}) 4... d5 $146 {Stockfish10} (4...
Nd4 5. Qd3 c5 {main, 2 Wh wins, 1 draw, 6 Bl wins}) 5. exd5 (5. Bb5 Bd7 $11 {
Stockfish10}) 5... Nd4 $17 6. Qd3 e5 7. Bb5+ c6 8. dxc6 bxc6 9. Ba4 Bf5 10. Qc4
Bd6 $19 (10... Rb8 11. a3 Bd6 $19) 11. Nge2 O-O 12. Nxd4 exd4 13. Qxd4 (13. Ne2
Re8 $19) 13... Re8+ 14. Kd1 (14. Kf1 {is slightly better}) 14... Ng4 15. Re1
Rxe1+ (15... Qh4 16. Rf1 c5 $19 {Stockfish10}) (15... Qf6 $19 {Stockfish10})
16. Kxe1 Qe7+ (16... Qe7+ 17. Ne2 Re8 18. Qc4 Ne5 {Stockfish10}) 0-1

[Event "Dyfed Open"]
[Site "Fishguard"]
[Date "2019.02.23"]
[Round "2.3"]
[White "Greatorex, Roger"]
[Black "Richmond, Jane"]
[Result "0-1"]
[WhiteElo "1713"]
[BlackElo "2066"]
[Annotator "kemen"]
[PlyCount "44"]
[EventDate "2019.??.??"]

{[%evp 0,44,19,14,35,-46,-28,-32,13,-25,18,-35,11,-16,-10,-57,-30,-15,-10,-23,
-10,-63,-53,-62,-63,-83,-44,-49,-78,-78,-78,-66,-47,-212,-209,-181,-115,-117,
-116,-313,-340,-430,-480,-513,-528,-528,-531]} 1. Nf3 Nf6 2. b4 a5 (2... e6) (
2... g6) (2... d5) 3. b5 c6 (3... g6 {main}) 4. c4 {1 draw, 2 Bl wins} (4. e3)
4... d5 $146 5. bxc6 bxc6 6. e3 e6 7. Ba3 (7. Be2 $11) 7... Bxa3 8. Nxa3 O-O 9.
c5 Nbd7 $15 (9... Ne4 $15) 10. Qc2 e5 11. Be2 Qe7 12. Rc1 e4 (12... Ba6 13.
Bxa6 Rxa6 14. O-O e4 $17 {Komodo12}) 13. Nd4 Ne5 14. f4 exf3 15. gxf3 Nh5 16.
h4 (16. O-O Qg5+ 17. Kh1 Qh4 18. Rg1 $15) 16... Ng3 $19 {the Wh K is stuck in
the centre} 17. Rh2 Qf6 (17... Re8) (17... Nxe2) 18. f4 Ng6 (18... Ng4) 19. Bd3
(19. h5 Nxe2 20. Nxe2 Nh4 21. Kf2 Bg4 $15 {Komodo12}) 19... Nxf4 $1 $19 20.
Bxh7+ Kh8 21. Bd3 Nxd3+ 22. Qxd3 Ba6 0-1

[Event "Dyfed Open"]
[Site "Fishguard"]
[Date "2019.02.23"]
[Round "2.4"]
[White "Byway, Paul V"]
[Black "Taylor, Robert Graham"]
[Result "0-1"]
[WhiteElo "2060"]
[BlackElo "1809"]
[Annotator "kemen"]
[PlyCount "140"]
[EventDate "2019.??.??"]

{[%evp 0,140,19,24,23,2,21,32,40,19,23,29,28,8,71,50,42,36,96,53,52,38,71,50,
51,58,97,44,66,58,96,65,83,60,77,77,92,93,97,44,68,19,38,0,55,24,-26,13,38,30,
51,29,36,42,101,88,127,113,129,157,166,72,123,19,26,31,40,38,44,37,37,37,45,
-35,34,-158,-160,-184,-145,-145,-130,-120,-152,-163,-83,-206,-219,-219,-210,
-213,-219,-263,-256,-299,-311,-337,-336,-350,-384,-517,-501,-517,-206,-211,
-197,-218,-191,-256,-180,-312,-258,-249,-215,-215,-223,-223,-191,-181,-206,
-313,-286,-286,-296,-314,-296,-333,-298,-297,-315,-336,-350,-292,-352,-606,
-556,-755,-755,-1066,-1189,-1192,-1208,-1208,-1257]} 1. Nf3 Nf6 2. c4 b6 3. d4
e6 4. e3 Bb7 5. Bd3 Bb4+ (5... d5 {main}) 6. Nbd2 Ne4 (6... O-O) 7. O-O f5 8.
a3 (8. Qc2) 8... Be7 (8... Bxd2 {more frequent}) 9. b4 (9. Qc2) 9... O-O 10.
Bb2 d6 (10... Nxd2 11. Nxd2 d6 12. e4 {Karkuth=Otto, Wld ch ICCF 1998,1-0}) 11.
Qc2 Nxd2 12. Nxd2 $16 Qe8 (12... Nd7 13. e4 fxe4 14. Bxe4 Bxe4 15. Qxe4 Rf6 16.
Rae1 Bf8 17. Re3 Rg6 18. Rg3 Rh6 19. Nf3 Be7 20. Bc1 Rf6 21. Bg5 {
Barnes-Denton, Leicester Atkins Op 2012,1-0}) 13. f4 $16 (13. e4 $16 {Komodo12}
) 13... Qh5 14. Nf3 (14. e4) 14... Nd7 15. d5 Nf6 16. h3 (16. dxe6 Ne4 $16)
16... exd5 17. Bxf5 dxc4 18. Qxc4+ Kh8 19. Bd3 (19. Qc2 $16) 19... c5 $14 20.
bxc5 bxc5 21. Qe6 Qe8 (21... Rae8) 22. Ng5 Bc8 23. Qb3 Bd7 $11 24. Qc2 Qh5 (
24... Rb8 $11) 25. e4 (25. g4 Qh6 26. Qg2 $16 {Komodo12}) 25... h6 26. Nf3 c4
27. Qxc4 $16 Rac8 (27... Bxh3 28. Bxf6 Rxf6 29. e5 $16 {Komodo12}) 28. Qb4 Rb8
(28... Bxh3 $5) 29. Qd2 Bc6 (29... Bxh3 $5) 30. Bd4 (30. Rac1 $18 {Komodo12}
Nxe4 31. Bxg7+ Kxg7 32. Bxe4 Bxe4 33. Qd4+ Rf6 34. Qxe4 $18 {Komodo12}) 30...
Nxe4 31. Qc2 (31. Qe3 $16) 31... Nc5 32. Bg6 Qd5 33. Rad1 $14 Qb3 34. Qe2 Bf6
35. Bxf6 Rxf6 36. Bc2 (36. Rb1 $11) 36... Qb6 (36... Qxa3 $15) 37. Kh2 (37. Rb1
) 37... Bb5 $17 38. Qe3 Bxf1 39. Rxf1 Re6 40. Qd4 Rbe8 41. f5 Re2 42. Bd1 (42.
f6 $11) 42... R2e4 $19 43. Qd5 Nd7 44. Bc2 Nf6 45. Qf7 (45. Qb3) 45... R4e7 46.
Qc4 d5 $19 47. Qa4 Qd6+ 48. Kh1 Nh5 49. Rd1 Ng3+ 50. Kg1 Rc8 (50... Ne2+ 51.
Kf1 Qc5 $19 {Komodo12}) 51. Bd3 Nh5 (51... Qb6+) 52. Qg4 Nf6 53. Qd4 Qc5 (53...
Qxa3) 54. g4 Qxd4+ 55. Nxd4 Rc3 (55... Re3 {Komodo12}) 56. a4 Re3 (56... Ra3)
57. Bf1 Ra3 (57... Ne4 $19) 58. Nc2 Rg3+ 59. Bg2 Ra2 (59... Rxa4) 60. Ne1 Rxa4
61. Rd2 Rga3 (61... a5) 62. Rb2 Ra1 63. Kf2 R1a2 64. Rxa2 Rxa2+ 65. Ke3 a5 66.
Kd4 a4 67. Bf3 (67. Bxd5 Rd2+) 67... a3 68. Nd3 Rd2 69. Kc3 Rxd3+ 70. Kxd3 a2
0-1

[Event "Dyfed Open"]
[Site "Fishguard"]
[Date "2019.02.23"]
[Round "2.5"]
[White "Jones, Dewi"]
[Black "Young, Alan"]
[Result "0-1"]
[WhiteElo "1504"]
[BlackElo "2024"]
[Annotator "kemen"]
[PlyCount "78"]
[EventDate "2019.??.??"]

{[%evp 0,78,26,23,23,-3,11,-10,15,-7,13,-1,3,-34,2,17,89,132,137,25,25,1,9,-15,
-16,-29,0,29,14,-6,-10,-46,-90,-87,-99,-144,-150,-155,-146,-149,-149,-205,-131,
-126,-129,-197,-201,-204,-182,-205,-187,-183,-167,-165,-160,-157,-160,-160,
-165,-176,-189,-191,-189,-219,-223,-287,-320,-320,-364,-378,-422,-422,-598,
-698,-493,-1080,-1104,-1120,-1365,-1544,-2024]} 1. Nf3 d5 2. g3 Nf6 3. Bg2 Bg4
4. h3 (4. O-O) 4... Bf5 (4... Bh5) (4... Bxf3) 5. g4 $146 (5. O-O) 5... Bg6 6.
Nh4 (6. c4 {Cloud Engines}) 6... Be4 (6... e6 $15 {Komodo12}) 7. f3 g5 (7...
Bg6 $11 {Cloud Engines}) 8. fxe4 gxh4 9. e5 $16 Ne4 10. Bxe4 (10. c4 Ng3 11.
cxd5 Nxh1 12. Bxh1 $16 {Komodo12}) 10... dxe4 11. d4 (11. Nc3 Qd4 12. d3 $11 {
Komodo112}) 11... exd3 12. exd3 (12. cxd3) 12... Qd5 13. O-O $11 Nc6 14. Bf4 (
14. Nc3) 14... Bg7 15. d4 (15. Nc3 Qd4+ 16. Kg2 Bxe5 17. Qf3 Qxf4 18. Qxf4 Bxf4
19. Rxf4 f6 20. Re1 O-O-O $15 {Komodo12}) 15... Qxd4+ (15... O-O-O $17) 16.
Qxd4 Nxd4 17. Rf2 (17. Nc3) 17... Ne6 $19 18. Nc3 Nxf4 19. Rxf4 Bxe5 20. Rf3
Bxc3 (20... f6 $19) 21. Rxc3 O-O-O 22. Rd3 (22. Re1 Rhe8 23. Rce3 Rd7 $17 {
Komodo12}) 22... Rxd3 23. cxd3 Rd8 $19 {Bl has an extra weakness to play
against} 24. Re1 e6 25. Re3 Rd5 (25... Kd7) 26. Rf3 f5 27. gxf5 Rxf5 28. Kf2
Kd7 $19 29. Ke3 Rxf3+ 30. Kxf3 Kd6 31. Kg4 Kd5 32. Kxh4 Kd4 {the Wh advantage
on the K side is far too slow to stop Bl's counter advance} 33. Kg5 Kxd3 34.
Kf6 c5 (34... Kc2) 35. Kxe6 Kc2 36. Kd5 b6 (36... Kxb2 37. Kxc5 Kxa2 $19 {also}
) 37. b4 (37. b3 Kb2 38. Kc6 Kxa2 39. Kb7 Kxb3 40. Kxa7 c4 $19) 37... cxb4 38.
Kc4 a5 39. h4 Kb2 0-1

[Event "Dyfed Open"]
[Site "Fishguard"]
[Date "2019.02.23"]
[Round "2.6"]
[White "Barnaby, Nicholas"]
[Black "Thomas, Roy"]
[Result "0-1"]
[WhiteElo "1998"]
[BlackElo "1719"]
[Annotator "kemen"]
[PlyCount "114"]
[EventDate "2019.??.??"]

{[%evp 0,114,23,23,68,2,-18,-38,-19,-31,-32,-57,-51,-43,-62,-48,-67,-58,-56,
-55,-10,-51,-30,-23,-32,-49,-52,-72,-63,-83,-65,-69,-57,-37,-37,-49,-53,-73,
-85,-82,-30,-41,-47,-52,-50,-52,-40,-62,-44,-63,-65,-71,-43,-53,-60,-60,-55,
-68,-41,-55,-53,-46,-46,-87,-75,-94,-62,-84,-38,-50,0,0,0,0,0,0,0,-287,-273,
-216,-298,-265,-274,-301,-280,-466,-506,-506,-574,-572,-593,-584,-636,-748,
-847,-1292,-602,-642,-660,-660,-671,-664,-574,-624,-665,-738,-804,-850,-819,
-921,-997,-1301,-1351,-1406,-1440,-1653,-1543]} 1. d4 f5 2. e4 fxe4 3. Nc3 Nf6
4. Bg5 c6 5. Bxf6 (5. f3) 5... exf6 6. Nxe4 d5 7. Ng3 Bd6 8. Bd3 (8. Qh5+ $5)
8... O-O (8... f5) 9. N1e2 (9. c3) (9. Qh5) 9... a5 $146 (9... f5 {main}) 10.
O-O Na6 (10... f5 $17) 11. c3 (11. Nf5 $15 {Stockfish10}) 11... f5 $17 12. f4
b6 (12... Nc7 $15 {Stockfish10}) 13. Qd2 Nc7 14. Rae1 g6 15. Kh1 Ne8 16. Ng1
Nf6 17. Nf3 Ne4 (17... b5) 18. Bxe4 (18. Qe3 Ra7 19. Ne5 Rc7 $11 {Stockfish10})
18... fxe4 (18... dxe4 $17) 19. Ne5 Bxe5 (19... Ba6 $17) 20. fxe5 $11 Ba6 21.
Rxf8+ Qxf8 22. Kg1 Qf7 23. Qf2 Qe7 (23... Rc8 $15) 24. Qe3 Rf8 25. Ne2 Qf7 26.
h3 Qf5 27. a4 (27. b3 $11) 27... Kg7 28. b4 Bc4 29. bxa5 bxa5 30. Rb1 Qd7 31.
Rf1 (31. Ng3 $11) 31... Rxf1+ 32. Kxf1 Bb3 $15 33. Kg1 Bxa4 34. Qg5 $11 Bb5 (
34... Qf5) 35. Qf6+ (35. Nf4 $16 {Stockfish10}) 35... Kg8 36. e6 Qe8 37. Nf4
Qf8 38. e7 (38. Qe5 $11) (38. Qg5 $11) 38... Qxf6 $19 39. e8=Q+ Qf8 40. Qe6+
Qf7 41. Qc8+ Kg7 42. Ne6+ Kh6 43. Nd8 Qf1+ 44. Kh2 Qf4+ 45. Kg1 e3 $19 46. Qe6
e2 47. Nf7+ Qxf7 (47... Kg7) 48. Qxf7 e1=Q+ 49. Kh2 Qf1 50. Qe7 a4 51. Qe3+ Kg7
52. Qe7+ Qf7 53. Qe5+ Qf6 54. Qc7+ Kh6 55. g4 a3 (55... Qf2+ 56. Kh1 Bd3) 56.
Qg3 g5 (56... a2) 57. h4 Qf4 (57... a2) 0-1

[Event "Dyfed Open"]
[Site "Fishguard"]
[Date "2019.02.23"]
[Round "2.7"]
[White "Jones, Iolo C"]
[Black "Horrell, Stephen A"]
[Result "1-0"]
[WhiteElo "2205"]
[BlackElo "1592"]
[Annotator "kemen"]
[PlyCount "137"]
[EventDate "2019.??.??"]

{[%evp 0,137,16,-12,-10,-51,-22,-64,-25,-33,16,47,75,53,114,52,56,46,91,61,61,
56,59,57,57,42,74,37,37,30,53,56,44,40,51,51,42,23,16,20,20,7,8,4,-2,9,14,23,
33,10,17,32,32,41,21,33,22,44,90,84,88,91,86,103,135,78,64,62,71,67,73,29,75,
55,65,55,101,64,88,43,93,45,47,0,5,-197,0,0,0,0,0,0,0,0,0,-21,0,0,0,0,6,6,85,
83,83,85,87,87,87,87,89,89,87,103,114,95,111,89,89,89,89,70,83,76,89,107,117,
119,119,113,114,145,139,147,247,193,278,278,293,293]} 1. c4 Nf6 2. g3 d5 3.
cxd5 Nxd5 4. Bg2 c6 (4... g6) (4... e5 {main lines}) 5. Nf3 Bf5 6. d3 Bg6 7.
Nc3 e6 8. O-O h6 $146 (8... Be7 {main}) 9. Qb3 Qb6 10. Nxd5 exd5 (10... Qxb3
11. Nc7+ Kd8 12. axb3 Kxc7 13. Ne5 Bh5 14. g4 Bd6 15. f4 f6 16. gxh5 fxe5 17.
fxe5 Bxe5 18. Be3 $14 {Komodo12}) 11. Qc2 $16 Nd7 12. Bh3 Qd8 13. Qc3 Nf6 14.
Nh4 Bh7 15. Nf5 Bxf5 16. Bxf5 d4 (16... g6 17. Bh3 Bg7 18. Qa3 Qe7 19. Qxe7+
Kxe7 20. Bd2 Nd7 $14 {Komodo12}) 17. Qb3 Qb6 18. Qxb6 (18. Bf4) 18... axb6 19.
Bd2 (19. Bf4) 19... g6 20. Bh3 Bg7 21. Rfc1 O-O $11 22. Bg2 Rad8 23. a4 Rfe8
24. Kf1 Rd7 25. a5 Rde7 (25... bxa5 26. Rxa5 Rde7 27. Bf3 Nd7 28. Ra7 Ne5 29.
Bb4 Nxf3 30. Bxe7 Nxh2+ 31. Kg2 Rxe7 32. Kxh2 Rxe2 33. Kg2 (33. Rxb7 Rxf2+ 34.
Kh3 Rf3 $11) 33... Rxb2 34. Re1 Bf6 35. Re8+ Kg7 36. Rb8 c5 37. Rbxb7 Rxb7 38.
Rxb7 Bd8 39. Rb5 Be7 $16 {Komodo12- but with 2 pawns for the exchange Bl may
well be holding ( only the c pawn is vul;nerable- at worst the d pawn goes as
well when Wh returns the exchange}) 26. Bf3 (26. a6 bxa6 27. Bxc6 Rxe2 (27...
Rc8 28. Rxa6 $18) 28. Bxe8 Rxd2 29. Rxa6 Rxb2 (29... Ng4 30. h3 Rxf2+ 31. Kg1
Ne5 32. Kxf2 Nxd3+ 33. Kf3 Nxc1 34. Ra7 $18 {Komodo12}) 30. Ra8 Bf8 31. Rc7
Nxe8 32. Rxe8 Kg7 33. Rd8 Bc5 34. Rdd7 $18 {Komodo12}) 26... bxa5 27. Rxa5 Nd7
28. Bb4 Re6 (28... Re5 $14) 29. Ra7 Ne5 (29... Rb8 30. Ba5 Be5 31. b4 Bd6 32.
b5 cxb5 33. Rxb7 Rxb7 34. Bxb7 Nc5 35. Bd5 Re5 36. Ba2 Kg7 37. Bb6 b4 38. Rb1
Ne6 39. Bxe6 Rxe6 40. Bxd4+ $16 {Komodo12}) 30. Rxb7 Nxf3 31. exf3 $16 {
Although a pawn up, Wh's extra one is doubled} Bf8 32. Bd2 (32. Bxf8 Kxf8 33.
Rc4 Rd6 34. f4 $16 {Komodo12}) 32... c5 33. Re1 (33. b4) 33... Rxe1+ 34. Bxe1
Rc8 (34... Ra8 $14 {Komodo12}) 35. b3 Kg7 (35... Ra8 $11) 36. Rb5 Kf6 37. Rb6+
Ke7 38. h4 Kd7 39. Bd2 h5 40. Bf4 Be7 41. Ke2 Ra8 $11 42. Bg5 $2 (42. Rb8 $11)
42... Bxg5 (42... Kc7 $19 {Komodo12} 43. Re6 (43. Rb5 Kc6 44. Bxe7 Kxb5 $19)
43... Bxg5 44. Re5 Bd8 45. Rxc5+ Kd6 $19) 43. hxg5 Ra2+ $11 44. Kf1 Ra1+ 45.
Kg2 Rd1 46. Rb7+ (46. b4 cxb4 47. Rxb4 Rxd3 48. Kf1 Rxf3 49. Rxd4+ Ke6 50. Kg2
Rf5 51. f4 Rd5 $11 {Komodo12}) 46... Ke6 47. Rb6+ $2 {giving the K a chance to
move to a much better square} Ke7 (47... Kd5 $1 {Bl's best pawn (most advanced)
is his d pawn. Its obstruction at d3 is about to be demolished, so the K
should go in its support, & not worry about losing a weak f7 pawn(after which
it takes Wh too long to get a passed pawn oveer on the K side anyway)} 48. b4
Rxd3 49. bxc5 Rc3 50. Rf6 d3 51. Rxf7 Rxc5 52. f4 Ke6 $19 {Komodo12}) 48. b4
cxb4 49. Rxb4 Rxd3 50. f4 Rc3 {Bl should make it harder for Wh to gain the d
pawn} (50... Ke6 $11 {Komodo12}) (50... Rd2 $11 51. Kf1 d3 52. Re4+ Kf8 53. Ke1
Rb2 54. Rd4 Re2+ 55. Kf1 Rd2 {Komodo12}) 51. Rxd4 $14 Rc7 (51... f6 {reduces
the number of pawns to a theoretical R &3 vs R &2 ending, which should be
drawn, although some players with the 3 pawns have managed to lose! Here the
pawns are locked together.} 52. Ra4 fxg5 53. fxg5 Rc6 54. g4 hxg4 55. Kg3 Ke6
56. Kxg4) (51... Rc6 {defending along the 3rd rank has a lot to said for it}) (
51... Rc5 {also an idea, which prevents Wh's only real pawn break with f5. Wh
can prepare with f3 & g4 but the the h pawn takes & Bl is down to 2 vs 3 again}
) 52. Rd5 Ke6 (52... Kf8 53. Kf3 Kg7 54. Ke4 Re7+ 55. Kd3 Ra7 {Rudy- Komodo12
still gives Wh a definite plus but its hard to see a Wh breakthrough- putting
one pawn onto f6 & then the other to f5, & the K just barricades itself in the
corner. Though Bl must be accurate in defence.}) 53. Re5+ Kd6 54. Ra5 Ke6 55.
Ra6+ Ke7 56. Rf6 Rc5 (56... Kf8 {Komodo12} 57. f5 Kg7 58. fxg6 fxg6 59. f4 Rc2+
60. Kh3 Rc1 61. g4 hxg4+ 62. Kxg4 $16 {Komodo12-but Lomonosov tables agree
with human theory that its a draw}) 57. Ra6 Rc7 58. Ra5 Ke6 59. Re5+ Kd6 60.
Re2 Rc3 61. Re5 {and here Bl could have claimed the drasw since , without
playing the move(which forfeits his right to claim) but Rc7 would repeat the
position after Bl's moves 53 * 59, with the same person to move} Rc7 62. Ra5
Ke6 63. Ra6+ Ke7 64. f5 Rc5 (64... gxf5 65. Rh6 Rc2 66. Rxh5 Ke6 67. Rh6+ Ke5
68. Rf6 Rc7 69. f3 Ra7 {Komodo12- definite plus, but no definite winning line
produced either}) 65. fxg6 Rxg5 66. Ra7+ Kf8 67. Rxf7+ Kg8 68. Rh7 Rxg6 69.
Rxh5 1-0

[Event "Dyfed Open"]
[Site "Fishguard"]
[Date "2019.02.23"]
[Round "2.8"]
[White "May, Frank"]
[Black "Miller, John S"]
[Result "1/2-1/2"]
[WhiteElo "2067"]
[BlackElo "1686"]
[Annotator "kemen"]
[PlyCount "50"]
[EventDate "2019.??.??"]

{[%evp 0,111,23,30,33,-20,44,33,33,33,35,7,6,-3,1,0,9,10,27,23,22,22,27,32,34,
38,51,34,45,49,54,31,47,47,67,67,67,55,55,35,52,37,55,60,60,55,58,51,57,57,78,
78,78,78,71,55,67,29,62,71,126,126,187,195,207,207,207,207,211,215,215,147,147,
151,151,151,151,151,151,139,139,138,138,123,123,113,113,119,136,106,154,151,
195,211,211,211,187,187,256,147,147,147,143,143,143,143,143,143,377,377,355,
385,29975,29982]} 1. d4 Nf6 2. c4 g6 3. Nc3 Bg7 4. e4 d6 5. Nge2 O-O 6. Ng3 Nc6
(6... c5 7. d5 h5 (7... e6 8. Be2 exd5 9. exd5 Nbd7 10. O-O Re8 11. Bg5 h6 12.
Be3 a6 13. Qd2 Kh7 14. h3 Qe7 15. Rfe1 Qf8 {May-Arakhamia Grant, Port Erin
2001,0-1}) 8. Be2 b5 {May-L Williams, WLS ch 2002,1-0}) (6... e5 7. d5 a5 8.
Be2 Na6 9. h4 h5 10. Bg5 Qe8 11. Qd2 Kh7 12. O-O-O Ng4 {May-Bevan,Dyfed Open
2016,1-0}) 7. d5 Ne5 8. Be2 c5 (8... c6 9. O-O h5 10. Bg5 Nh7 11. Be3 h4 12.
Nh1 f5 13. f4 Ng4 14. Bxg4 fxg4 15. Nf2 e5 16. Nd3 {May-M White, WLS ch 2005,
1-0}) 9. O-O (9. f4 {main, 6 Wh wins, 2 draws}) 9... a6 10. f4 Ned7 11. Be3 $16
(11. a4 h5 12. Re1 Ng4 13. Bxg4 hxg4 14. Qxg4 Nf6 15. Qe2 Ng4 16. Nd1 Bd4+ 17.
Be3 Nxe3 18. Nxe3 Kg7 19. Kh1 Rh8 20. Ngf1 {Johansson-Cinar, EU ch tm women,
Pula 1997,1-0}) 11... Qc7 (11... Rb8 12. Qd3 Qa5 13. a4 Qb4 14. Bd2 Qb6 15. a5
Qc7 16. Na4 b5 17. axb6 Nxb6 18. Nxb6 Qxb6 19. Ba5 Qb7 20. Rfb1 {Rawlings-Tegi,
Champions League email ICCF 2002,1-0}) 12. Qd2 (12. h3 $18) (12. Rc1 $18 {
Stockfish10}) 12... Rb8 13. a4 b6 14. Rad1 Rd8 15. e5 $18 (15. h4 $18) 15...
dxe5 {a sealer/sweeper- Hans Kmoch; blocks e5 for Bl & gains e4 for Wh} 16. f5
Nf8 17. Bh6 e6 18. Bxg7 Kxg7 19. fxe6 (19. fxg6 $1 {Stockfish10} Nxg6 (19...
fxg6 20. Qg5 Ne8 21. Nh5+ Kg8 22. Ne4 exd5 23. Nef6+ Nxf6 24. Nxf6+ Kh8 25.
Nxd5 Ne6 26. Nxc7 Nxg5 27. Rxd8+ Kg7 28. Rff8 $18) 20. Rxf6 Kxf6 21. d6 {
and Bl must give up a R as} Qb7 (21... Rxd6 22. Nce4+ Kg7 23. Nxd6 $18) 22.
Nh5+ Kf5 23. g4# {Stockfish10}) 19... Nxe6 20. Rxf6 (20. d6 {is even
stronger-Stockfish10}) 20... Kxf6 21. Nce4+ $2 (21. d6 Rxd6 22. Nce4+ $18 {
Stockfish10}) (21. Nh5+ Ke7 22. Ne4 Nd4 23. Qg5+ Kf8 24. Qh6+ Ke7 25. Nhg3 $18
{Stockfish10}) (21. Qh6 $1 Ke7 22. Nce4 Nd4 23. Rf1 Bf5 24. Bg4 Rd6 (24... Bxg4
25. Rxf7+ Kxf7 26. Qxh7+ $18) 25. Qh4+ Ke8 26. Qxh7 Ke7 27. Bxf5 gxf5 28. Nxf5+
Nxf5 29. Rxf5 Rf8 30. Qg7 Rg6 31. Rxe5+ Kd7 32. Qxf8 Qxe5 33. Qxf7+ $18 {
Stockfish10}) 21... Kg7 (21... Ke7 22. d6+ $18 (22. Qh6 $1 $18)) 22. Bg4 (22.
d6 Qc6 23. Rf1 Rb7 24. Rf6 Kh8 25. b3 $11 {Stockfish10}) 22... Nd4 $11 (22...
Nf4 $19 23. d6 Rxd6 24. Qxd6 Qxd6 25. Rxd6 Bxg4 {Stockfish10}) (22... Qe7 23.
Bxe6 Bxe6 24. Qc3 Bd7 $19 {Stockfish10}) 23. Bxc8 Qxc8 $2 (23... Rbxc8 24. Nh5+
gxh5 25. Qg5+ Kh8 26. Qf6+ Kg8 27. Rd3 Ne2+ 28. Kh1 Nf4 29. Qg5+ Kh8 30. Qf6+
$11 {Stockfish10}) (23... Rdxc8) 24. Qg5 $18 f5 25. Qe7+ Kh6 {draw agreed} (
25... Kh6 26. Qh4+ Kg7 27. Nh5+ $1 {Stockfish10} gxh5 (27... Kg8 28. Nhf6+ Kf8
29. Qh6+ Kf7 30. Qxh7+ Kf8 31. Qg8+ Ke7 32. Qg7#) (27... Kf8 28. Qf6+ Ke8 29.
Ng7+ Kd7 30. Qd6#) 28. Qe7+ Kh8 29. Qxe5+ Kg8 30. Nf6+ Kf7 31. Nxh5 Kg6 32. Rd3
Ne2+ 33. Qxe2 Re8 34. Rg3+ Kf7 35. Rg7+ Kf8 36. Qd2 Qd8 37. Rxh7 Kg8 38. Rg7+
Kf8 39. Qc3 Re4 40. Rg8+ Ke7 41. Qf6+ Kd7 42. Rxd8+ Rxd8 43. Qxf5+ $18 {
Stockfish10}) 1/2-1/2